00363nam a22001337a 450000500170000000800410001704100120005808200120007010000130008224500310009526000460012630000320017265000250020420240731121018.0240731b |||||||| |||| 00| 0 eng d aEnglish a349 SOU lEnglish  aSouth African Law Reports  aCape Town: bJuta and Company Ltd, c1933 bxviii, 640 pages; c25 cm.  aLegal practice bLaw